College Football Teams in 1900 - Statistics

General Stats
  • This quiz has been taken 9 times
  • The average score is 106 of 144
Answer Stats
Conference Team % Correct
SIAA Alabama
100%
Independent Arizona
100%
Independent Arizona Normal
100%
Independent Arkansas
100%
Independent Army
100%
SIAA Auburn
100%
Independent Brown
100%
Independent California
100%
Independent Central Michigan
100%
Western Conf. Chicago
100%
SIAA Clemson
100%
Colorado FBA Colorado
100%
Colorado FBA ColoradoAgricultural College
100%
Independent Columbia
100%
Independent Dartmouth
100%
SIAA Georgia
100%
SIAA Georgia Tech
100%
Independent Harvard
100%
Western Conf. Illinois
100%
Western Conf. Indiana
100%
Western Conf. Iowa
100%
Independent Iowa State
100%
Independent Kansas
100%
Independent Kansas State
100%
Independent Maryland
100%
Independent Miami (OH)
100%
Western Conf. Michigan
100%
Michigan Michigan Agricultural
100%
Michigan MichiganState Normal
100%
Western Conf. Minnesota
100%
Independent Montana
100%
Independent Navy
100%
Independent Nebraska
100%
SIAA North Carolina
100%
Independent North Carolina A&M
100%
Independent North DakotaAgricultural
100%
Western Conf. Northwestern
100%
Independent Ohio
100%
Independent Ohio State
100%
Independent Oklahoma
100%
Independent Oregon
100%
Independent Penn
100%
Independent Penn State
100%
Independent Princeton
100%
Western Conf. Purdue
100%
Independent Rutgers
100%
Independent South Carolina
100%
Independent South DakotaAgricultural
100%
Independent Syracuse
100%
SIAA Tennessee
100%
SIAA Texas
100%
Independent Texas A&M
100%
Independent USC
100%
Independent Utah
100%
Independent UtahAgricultural College
100%
SIAA Vanderbilt
100%
Independent Virginia
100%
Independent VPI
100%
Independent Washington
100%
Independent WashingtonAgricultural College
100%
Independent Washington (MO)
100%
Independent Western Universityof Pennsylvania
100%
Independent West Virginia
100%
Independent Yale
100%
Independent Baylor
83%
Independent Bucknell
83%
Independent Buffalo
83%
Independent Colgate
83%
Independent Cornell
83%
Independent Delaware
83%
Independent Drake
83%
Independent Fordham
83%
Independent Georgetown
83%
Independent Iowa State Normal
83%
SIAA Kentucky StateCollege
83%
SIAA LSU
83%
Independent Missouri
83%
Independent Nevada State
83%
Independent New Hampshire
83%
Independent New Mexico A&M
83%
Independent Notre Dame
83%
SIAA Ole Miss
83%
Independent Stanford
83%
SIAA Tulane
83%
Independent Vermont
83%
Independent William & Mary
83%
Western Conf. Wisconsin
83%
Independent Wyoming
83%
Triangular FBL Amherst
67%
Independent Buchtel
67%
Independent Butler
67%
Independent Cincinnati
67%
Colorado FBA Colorado College
67%
Independent Detroit College
67%
Independent Furman
67%
Independent Kendall
67%
Independent Lafayette
67%
Independent Lehigh
67%
Independent Northern Illinois State
67%
Independent NYU
67%
Independent Richmond
67%
Independent Temple
67%
Independent Villanova
67%
Independent VMI
67%
Independent Washington& Jefferson
67%
Independent Fairmount
50%
Independent Marshall
50%
Independent PittsburghCatholic College
50%
SIAA Sewanee
50%
Independent Tufts
50%
Independent Wabash
50%
Triangular FBL Wesleyan (CT)
50%
Triangular FBL Williams
50%
Independent CCNY
33%
Colorado FBA Colorado Mines
33%
Independent Dickinson
33%
Independent Doane
33%
Independent Drexel
33%
Independent Franklin & Marshall
33%
Independent Geneva
33%
Independent Holy Cross
33%
Michigan Kalamazoo
33%
Independent Lake Forest
33%
Independent San Jose State
33%
SIAA University ofNashville
33%
Independent Washburn
33%
Michigan Albion
17%
Independent Beloit
17%
Independent Carthage
17%
Independent Centre (KY)
17%
SIAA Cumberland (TN)
17%
Independent Davidson
17%
Independent Heidelberg
17%
Michigan Hillsdale
17%
Independent Mount Union
17%
Independent Ohio Wesleyan
17%
Michigan Olivet
17%
Independent Swarthmore
17%
Independent Wittenberg
17%
Independent Carlisle
0%
Independent Chicago P&S
0%
Independent Haskell
0%
Independent Kirksville Osteopaths
0%
Independent Lincoln (MO)
0%
No matching quizzes found
Score Distribution
Percent of People with Each Score
Percentile by Number Answered
Your Score History
You have not taken this quiz